| 000 | 00440nam a22001697a 4500 | ||
|---|---|---|---|
| 999 |
_c533566 _d533566 |
||
| 003 | OSt | ||
| 005 | 20200113135133.0 | ||
| 020 | _a1850658099 | ||
| 038 | _aMSOHAIL | ||
| 040 | _a1 | ||
| 082 |
_a327.73 _bANS 2006 |
||
| 100 |
_aAnsari, Ali M. _927512 |
||
| 245 |
_aConfronting Iran _bThe Failure of American Foreign Policy and the Roots of Mistrust |
||
| 260 |
_aLondon _bHurst & Company _cc2006 |
||
| 300 |
_a280p: _b24cm |
||
| 942 |
_2ddc _cBK |
||